| 000 | 00669nam a22001697a 4500 | ||
|---|---|---|---|
| 005 | 20241019133849.0 | ||
| 008 | 241019b |||||||| |||| 00| 0 eng d | ||
| 020 | _a9780582894068 | ||
| 050 |
_aKD674. _bD83 2006 |
||
| 100 | _aDuddington, John; | ||
| 245 |
_aEssentials of Equity and Trust Law _cDuddington, John; |
||
| 260 |
_aEngland; _aUnited Kingdom; _bPearson Education Ltd. _cc2006 |
||
| 300 |
_axli, 356 pages; _bDiagrams; Illustrations; Index; _c24cm |
||
| 650 |
_2Equity law, Trust law _aEngland / United Kingdom |
||
| 700 |
_aJohn Duddington _cEssentials of equity and trust law _cHead of the Law School at Worcester College of Technology _eAuthor |
||
| 942 |
_2lcc _cBK _n0 |
||
| 999 |
_c82 _d82 |
||